Villes de France en images par lettre - M - Statistiques

Statistiques générales
  • Ce quiz a été pris 163 fois
  • Le résultat moyen est 8 sur 18
Statistiques - réponses
Par images Hint Réponse % Correct
PACA Marseille
94%
Pays-de-la-Loire Le {Mans}
80%
Occitanie Montpellier
74%
Grand-Est Mulhouse
69%
Occitanie Millau
66%
Grand-Est Metz
62%
PACA Menton
50%
Occitanie Montauban
42%
DROM Mamoudzou
39%
Bretagne Morlaix
27%
Nouvelle-Aquitaine Mérignac
26%
Île-de-France Melun
22%
Auvergne-Rhône-Alpes Montélimar
22%
Bourgogne-Franche-Comté Mâcon
20%
Île-de-France Meaux
20%
Bourgogne-Franche-Comté Montbéliard
16%
Île-de-France Montreuil
15%
Occitanie Muret
7%
Aucun quiz correspondant
Distribution des résultats
% des personnes avec chaque résultat
Percentile par nombre de réponses
Votre historique - résultats
Vous n’avez pas pris ce quiz